Children on the Move: The Health of Refugee, Immigrant and Displaced Children (Record no. 45461)
[ view plain ]
| 000 -LEADER | |
|---|---|
| fixed length control field | 01809nam a2200241Ia 4500 |
| 000 - LEADER | |
| fixed length control field | 03843naaa 00925uu |
| 001 - CONTROL NUMBER | |
| control field | https://directory.doabooks.org/handle/20.500.12854/43124 |
| 005 - DATE AND TIME OF LATEST TRANSACTION | |
| control field | 20260218105558.0 |
| 008 - FIXED-LENGTH DATA ELEMENTS--GENERAL INFORMATION | |
| fixed length control field | 211013s9999 xx 000 0 und d |
| 020 ## - INTERNATIONAL STANDARD BOOK NUMBER | |
| International Standard Book Number | 9783039282012 |
| 024 ## - OTHER STANDARD IDENTIFIER | |
| Standard number or code | 10.3390/books978-3-03928-201-2 |
| 042 ## - AUTHENTICATION CODE | |
| Authentication code | dc |
| 245 #0 - TITLE STATEMENT | |
| Title | Children on the Move: The Health of Refugee, Immigrant and Displaced Children |
| 260 ## - PUBLICATION, DISTRIBUTION, ETC. | |
| Name of publisher, distributor, etc. | MDPI - Multidisciplinary Digital Publishing Institute |
| Date of publication, distribution, etc. | 2020 |
| 300 ## - PHYSICAL DESCRIPTION | |
| Extent | 1 electronic resource (142 p.) |
| 520 ## - SUMMARY, ETC. | |
| Summary, etc. | This Special Issue of Children will focus on the migration arc of children from their country of origin through the experience in refugee camps and, finally, to their arrival in in a new home. It will examine the impact experiencing migration as refugees, immigrants or those internally displaced due to war and conflict has on children's health. Explored topics include adverse health conditions, trauma and mental health, best practice and care coordination. It explores specific populations, such as children with disabilities, unaccompanied minors and child separation at international borders. This Special Issue also includes an examination of new clinical guidelines, the development of new care systems and advocacy for new policies. It also provides a summary of the UN Convention on the Rights of the Child's specific mandate to provide for the most vulnerable children in need. |
| 540 ## - TERMS GOVERNING USE AND REPRODUCTION NOTE | |
| Terms governing use and reproduction | Creative Commons |
| 653 ## - INDEX TERM--UNCONTROLLED | |
| Uncontrolled term | supplemental nutrition assistance program |
| 700 1# - ADDED ENTRY--PERSONAL NAME | |
| Personal name | Oberg, Charles |
| 856 ## - ELECTRONIC LOCATION AND ACCESS | |
| Uniform Resource Identifier | <a href="https://docs.google.com/spreadsheets/d/1yKIrdCPDAG_9c22mwoOIO2DOhtj65Wqa/edit?usp=sharing&ouid=106555315294820607512&rtpof=true&sd=true ">https://docs.google.com/spreadsheets/d/1yKIrdCPDAG_9c22mwoOIO2DOhtj65Wqa/edit?usp=sharing&ouid=106555315294820607512&rtpof=true&sd=true </a> |
| Link text | List of Curated E-Books |
| 942 ## - ADDED ENTRY ELEMENTS (KOHA) | |
| Koha item type | E-Book |
| Withdrawn status | Source of classification or shelving scheme | Damaged status | Not for loan | Home library | Current library | Date acquired | Total Checkouts | Date last seen | Price effective from | Koha item type |
|---|---|---|---|---|---|---|---|---|---|---|
| Library of Congress Classification | Not For Loan | Directory of Open Access Books | Directory of Open Access Books | 12/22/2021 | 12/22/2021 | 12/22/2021 | E-Book |